QATAR YEAR BOOK 1978-79 (Record no. 581343)
[ view plain ]
| 000 -LEADER | |
|---|---|
| fixed length control field | 00219nam a22000977a 4500 |
| 082 ## - DEWEY DECIMAL CLASSIFICATION NUMBER | |
| Classification number | 953.63 QAT'A |
| 245 ## - TITLE STATEMENT | |
| Title | QATAR YEAR BOOK 1978-79 |
| 260 ## - PUBLICATION, DISTRIBUTION, ETC. | |
| Place of publication, distribution, etc. | QATAR |
| Name of publisher, distributor, etc. | MINISTRY OF INFORMATION |
| Date of publication, distribution, etc. | 1979 |
| 300 ## - PHYSICAL DESCRIPTION | |
| Extent | 204P |
| 942 ## - ADDED ENTRY ELEMENTS (KOHA) | |
| Koha item type | Book |
| Withdrawn status | Lost status | Damaged status | Not for loan | Permanent Location | Current Location | Shelving location | Date acquired | Total Checkouts | Full call number | Barcode | Date last seen | Price effective from | Koha item type |
|---|---|---|---|---|---|---|---|---|---|---|---|---|---|
| College of Electrical & Mechanical Engineering (CEME) | College of Electrical & Mechanical Engineering (CEME) | General Stacks | 05/24/2017 | 953.63 QAT'A | CEME-12212 | 06/28/2021 | 06/28/2021 | Book |
